00600nam a2200169Ia 4500008004100000020001500041041001200056082001100068100002000079245004500099260004900144300000800193650001500201942000700216999001500223952019200238221030s9999 xx 000 0 und d a8122427592 aEnglish a105.23 aH. M. Raghunath 0aEngineeing Mechanicscby H. M. Raghunath bNew Age International Pub.aNew Delhic2010 a179 aMechanical cBK c8824d8824 pBE 10317g150.00l0o105.23 eNew Age Pub., New Delhr2024-06-13 00:00:00w2022-10-30yBK003Print4070aMIETLIBbMIETLIBcBL-Academic Block A, FL-1, CUP-5, SH-2, R-2d2010-02-1910HBE